|
|
|
|
| LEADER |
01053cam a2200313 7i4500 |
| 001 |
0000035979 |
| 005 |
20190508090000.0 |
| 007 |
##ta |
| 008 |
190508t20182018sz eng |
| 020 |
# |
# |
|a 9783319749044
|
| 040 |
# |
# |
|a MATR
|
| 090 |
0 |
0 |
|a AFRI 338.96
|b AFR
|
| 245 |
0 |
0 |
|a Africa and Globalizartion :
|b Challanges of Governance and Creativity
|c Editors, Toyin Falola, Kenneth Kalu.
|
| 264 |
# |
4 |
|a ♭2018.
|
| 264 |
# |
1 |
|a Cham, Switzerland:
|b Palgrave Macmillan,
|c 2018.
|
| 300 |
# |
# |
|a xi, 258 pages;
|c 30 cm.
|
| 336 |
# |
# |
|a text
|2 rdacontent
|
| 337 |
# |
# |
|a unmediated
|2 rdamedia
|
| 338 |
# |
# |
|a volume
|2 rdacarrier
|
| 490 |
1 |
# |
|a African Histories and Modernities
|
| 504 |
# |
# |
|a Includes bibliographical references and index
|
| 650 |
# |
0 |
|a Globalization
|
| 650 |
# |
0 |
|a History
|
| 651 |
# |
0 |
|a Africa --
|x Economic conditions --
|y 21st century
|
| 651 |
# |
0 |
|a Africa --
|x Economic integration
|
| 651 |
# |
0 |
|a Africa --
|x Globalization
|
| 700 |
1 |
# |
|a Falola, Toyin
|
| 700 |
1 |
# |
|a Kalu, Kenneth
|
| 999 |
|
|
|a 0000040362
|b Book
|c Book
|e Business Information Centre
|